LDR 00656naa#a2200181#i#450# 001 EN\\bibl\126135 005 20260704071805.6 011 ## _a0320-3557 100 ## _a20260320b2026####ek#y0engy0150####ca 102 ## _aRU 200 1# _aDESCRIPTION OF TERSCHELLINGIA TENUIS sp. n. (NEMATODA, MONCHYSTERIDA) FROM CORAL REEFS IN VIETNAM _eJournal article 210 1# _aBorok _cPapanin Institute for Biology of Inland Waters Russian Academy of Sciences _d2026 215 ## _a6 с. 608 ## _aJournal article _2local 675 ## _aNematodes. Собственно круглые черви. 595.132 _z 700 #1 _aGagarin _gV. G. 700 #1 _aNguyen _gDinh Tu 856 4# _aibiw.editorum.ru _u